| 000 | 01091nam a22002417a 4500 | ||
|---|---|---|---|
| 003 | OSt | ||
| 005 | 20251004133852.0 | ||
| 008 | 240404b ||||| |||| 00| 0 eng d | ||
| 040 | _c0 | ||
| 082 | _aDPer 621.381 Ie21 October 2022 v. 37 n. 10 | ||
| 100 |
_aTang, Wei. _eauthor. _956112 |
||
| 245 |
_aA passive current sharing method for two-phase common inductor LLC resonant converters and mathematical analysis of current sharing effect / _cWei Tang, Hongliang Wang, Xiaonan Zhu, Wenyong Gao, Zhen Zheng, and Xiumei Yue. |
||
| 260 |
_aNew York ; _bThe Institute of Electrical and Electronics Engineers, Inc. , _cOctober 2022. |
||
| 300 |
_aVolume 37, pages 12316-12326 : _billustration ; _c28 cm. |
||
| 500 | _aIEEE Transactions on Power Electronics, v. 37, n. 10, pages 12316-12326, October 2022. | ||
| 700 |
_aTang, Wei. _eauthor. _956112 |
||
| 700 |
_aWang, Hongliang. _eauthor. _956113 |
||
| 700 |
_aZhu, Xiaonan. _eauthor. _956114 |
||
| 700 |
_aGao, Wenyong. _eauthor. _956115 |
||
| 700 |
_aZheng, Zhen. _eauthor. _956116 |
||
| 700 |
_aYue, Xiumei. _eauthor. _956117 |
||
| 942 |
_2ddc _cPER |
||
| 999 |
_c20028 _d20028 |
||